000 00929cas a22002651 4500
008
020 _a0907341225 (pbk.)
049 _aMAIN
090 _aZ7179
_bBRO
110 2 _aBrown, Diane.
245 1 0 _aSerial publications :
_bguidelines for good practice in publishing printed and electronic journals /
_cDiane Brown, Elaine Stott [and] Anthony Watkinson.
250 _a2nd ed.
260 _aWest Sussex :
_bAssociation of Learned and Professional Society Publishers (ALPSP),
_c2003.
300 _aviii, 107 p. :
_bill. ;
_c24 cm.
504 _aIncludes bibliographical references.
500 _aIncludes index.
650 0 _aCeramics
_xPeriodicals
_vBibliography
_vCatalogs.
700 _aWatkinson, Anthony.
700 _aScott, Elaine.
907 _a.b10320210
_b14-05-13
_c09-10-12
003
005 20230123125456.0
040 _cNUST
942 _cBOOKS
_kZ7179
_mBRO
999 _c142164
_d142164